Tres estudios: Dickens y el humanismo, Goethe, Anatole France
Đã lưu trong:
| Tác giả chính: | |
|---|---|
| Định dạng: | Sách |
| Ngôn ngữ: | Tiếng Tây Ban Nha |
| Được phát hành: |
Santiago
Nascimento
1936
|
| Những chủ đề: | |
| Các nhãn: |
Thêm thẻ
Không có thẻ, Là người đầu tiên thẻ bản ghi này!
|
MARC
| LEADER | 00000nam a2200000 a 4500 | ||
|---|---|---|---|
| 001 | UCX5739 | ||
| 003 | CL-VaPUC | ||
| 008 | 930113e19360000CL |||||||||||||||||spa|d | ||
| 082 | 0 | 4 | |a 809.3 |b AMA |2 21 |
| 100 | 0 | |a Amado, Gilberto |e author |9 322108 | |
| 245 | 1 | 0 | |a Tres estudios: Dickens y el humanismo, Goethe, Anatole France |
| 300 | |a 108 p | ||
| 942 | |c BK | ||
| 945 | |d 19930113 00:00:00 | ||
| 260 | |a Santiago |b Nascimento |c 1936 | ||
| 600 | 0 | 7 | |a DICKENS, CHARLES |2 CL-VaPUC |9 319540 |
| 600 | 0 | 7 | |a FRANCE, ANATOLE |2 CL-VaPUC |9 322109 |
| 600 | 0 | |a Goethe, Johann Wolfgang von, |d 1749-1832 |e autor |9 265453 | |
| 583 | |a last modification |c 19930113 00:00:00 |k Rodrigo Vera | ||
| 999 | |c 225932 |d 225930 | ||
| 952 | |0 0 |1 0 |4 0 |6 809_300000000000000_AMA_1936 |7 0 |8 A |9 223900 |a BIBEDU |b BIBEDU |d 2019-11-15 |i 292692K |o 809.3 AMA 1936 |p 292692K |r 2019-11-15 |w 2019-11-15 |y BK |k LIT | ||